Florentino Dias (Record no. 612)

MARC details
000 -LEADER
campo de control de longitud fija 00515nam a22001577a 4500
008 - DATOS DE LONGITUD FIJA--INFORMACIÓN GENERAL
campo de control de longitud fija 150522b xxu||||| |||| 00| 0 eng d
020 ## - NÚMERO INTERNACIONAL ESTÁNDAR DEL LIBRO
Número Internacional Estándar del Libro 8476716486
082 ## - NÚMERO DE LA CLASIFICACIÓN DECIMAL DEWEY
Número de clasificación 730
Número de ítem D 542f
100 ## - ENTRADA PRINCIPAL--NOMBRE DE PERSONA
Nombre de persona Dias, Florentino
9 (RLIN) 2738
245 ## - MENCIÓN DEL TÍTULO
Título Florentino Dias
Resto del título Museo de Caceres
Mención de responsabilidad, etc. Dias, Florentino
260 ## - PUBLICACIÓN, DISTRIBUCIÓN, ETC.
Lugar de publicación, distribución, etc. Madrid
Nombre del editor, distribuidor, etc. Graficas Oman
Fecha de publicación, distribución, etc. 2001
300 ## - DESCRIPCIÓN FÍSICA
Extensión 78 p.
Otras características físicas ill. (col)
Dimensiones 16.5x23.5
600 ## - PUNTO DE ACCESO ADICIONAL DE MATERIA--NOMBRE DE PERSONA
Nombre de persona Dias Flores, Florentino
Fechas asociadas al nombre 1954
Subdivisión general Exposiciones
9 (RLIN) 2739
650 ## - PUNTO DE ACCESO ADICIONAL DE MATERIA--TÉRMINO DE MATERIA
Subdivisión general Escultura moderna
-- S.20
Subdivisión geográfica España
9 (RLIN) 2740
700 ## - ENTRADA AGREGADA--NOMBRE PERSONAL
Nombre de persona Dias, Florentino
9 (RLIN) 2741
Holdings
Estatus retirado Estado de pérdida Fuente del sistema de clasificación o colocación Estado de daño No para préstamo Biblioteca de origen Biblioteca actual Ubicación en estantería Fecha de adquisición Total de préstamos Signatura topográfica completa Código de barras Visto por última vez Precio de reemplazo Tipo de ítem Koha
    Clasificación Decimal Dewey     Biblioteca LadoV Biblioteca LadoV   22/05/2015   730 D 542f 000723 22/05/2015 22/05/2015 Material 01